000 02743cam a2200409 4500500
005 20251228062436.0
041 _afre
042 _adc
100 1 0 _aEhrhard, Thomas
_eauthor
700 1 0 _aAttias, Solal
_eauthor
700 1 0 _aBampis, Evripidis
_eauthor
700 1 0 _aCohen-Addad, Vincent
_eauthor
700 1 0 _aEscoffier, Bruno
_eauthor
700 1 0 _aMathieu, Claire
_eauthor
700 1 0 _aPascual, Fanny
_eauthor
700 1 0 _aPass-Lanneau, Adèle
_eauthor
700 1 0 _aSaulpic, David
_eauthor
245 0 0 _aDécoupage électoral des circonscriptions législatives en France
260 _c2022.
500 _a71
520 _aRésuméCet article propose une nouvelle perspective d’étude de la carte électorale, fondée sur la computational social science, pour analyser les critères qui encadrent la réalisation du découpage électoral en France. La délimitation des circonscriptions législatives est complexe en raison de sa dimension technique et des critères juridiques, démographiques et géographiques à respecter. À partir des données démographiques et géographiques des territoires et de la mesure de l’ensemble des découpages admissibles, nous évaluons les contraintes formées par les critères sur les potentialités empiriques de la carte électorale et, plus largement, nous montrons l’intérêt d’avoir recours aux découpages assistés par ordinateur.
520 _aThis article proposes a new perspective for understanding electoral maps, using computational social science to study the criteria which shape how electoral districts are drawn up in France. Defining the boundaries of legislative constituencies is a complex task, given its technical dimension and the various demographic, geographic, and legal criteria that must be respected. Looking at demographic and geographic territorial data and the whole of the admissible redistrictings, we evaluate the criteria-based constraints on the empirical possibilities of the electoral map and, more broadly, we highlight the value of using computer for the map making of the electoral constituencies redistricting.
690 _aalgorithme
690 _acarte électorale
690 _acirconscriptions législatives
690 _adécoupage électoral
690 _aFrance
690 _aordinateur
690 _aalgorithm
690 _acomputational social science
690 _acomputer redistricting
690 _aelectoral districts
690 _aelectoral map
690 _aFrance
786 0 _nRevue française de science politique | 72 | 3 | 2022-12-19 | p. 333-364 | 0035-2950
856 4 1 _uhttps://shs.cairn.info/revue-francaise-de-science-politique-2022-3-page-333?lang=fr&redirect-ssocas=7080
999 _c1588630
_d1588630